Catálogo
 En Linea

Amén de mariposas / (Registro nro. 20466)

Detalles MARC
000 -CABECERA
campo de control de longitud fija 01834nam a2200337 a 4500
001 - NÚMERO DE CONTROL
campo de control 000020963
005 - FECHA Y HORA DE LA ÚLTIMA TRANSACCIÓN
campo de control 20240412074250.0
008 - DATOS DE LONGITUD FIJA--INFORMACIÓN GENERAL
campo de control de longitud fija 100825t2007 dr acf r 001 p spa d
040 ## - FUENTE DE LA CATALOGACIÓN
Centro catalogador/agencia de origen DO-SdBNP
Lengua de catalogación spa
Centro/agencia transcriptor BNPHU
082 ## - NÚMERO DE LA CLASIFICACIÓN DECIMAL DEWEY
Número de clasificación RD861.44
Número de documento/Ítem M671a
100 1# - ENTRADA PRINCIPAL--NOMBRE DE PERSONA
Nombre de persona Mir, Pedro,
Fechas asociadas al nombre 1913-2000
9 (RLIN) 7245
245 10 - MENCIÓN DE TÍTULO
Título Amén de mariposas /
Mención de responsabilidad, etc. Pedro Mir; presentación Julio César Valentín Jiminián ; coordinación editorial Abil Peralta Agüero.
260 ## - PUBLICACIÓN, DISTRIBUCIÓN, ETC.
Lugar de publicación, distribución, etc. Santo Domingo :
Nombre del editor, distribuidor, etc. Cámara de Diputados de la República Dominicana,
Fecha de publicación, distribución, etc. 2007.
Fabricante Alfa y Omega,
300 ## - DESCRIPCIÓN FÍSICA
Extensión 148 p. :
Otras características físicas il., retrs. ;
Dimensiones 23 cm.
500 ## - NOTA GENERAL
Nota general Ilustrado con imágenes de pinturas correspondientes al proyecto "La ruta de los murales", pintados en espacios públicos de la provincia Salcedo.
500 ## - NOTA GENERAL
Nota general Incluye datos biográficos del autor en la solapa de la cubierta.
505 0# - NOTA DE CONTENIDO CON FORMATO
Nota de contenido con formato Presentación /
Mención de responsabilidad Julio César Valentín Jiminián --
Título Veinticinco visiones de un día llamado noviembre /
Mención de responsabilidad Minou Tavárez Mirabal --
Título Pedro Mir /
Mención de responsabilidad Verónica Sención --
Título Amén de las mariposas /
Mención de responsabilidad Don Pedro Mir --
Información miscelánea Diputados de la República Dominicana.
590 ## - NOTA LOCAL (RLIN)
Nota local Inventariado, 2018/BT
600 14 - PUNTO DE ACCESO ADICIONAL DE MATERIA--NOMBRE DE PERSONA
Nombre de persona MIRABAL, MARÍA TERESA,
Fechas asociadas al nombre 1935-1960
Subdivisión de forma POESÍAS
9 (RLIN) 43903
600 14 - PUNTO DE ACCESO ADICIONAL DE MATERIA--NOMBRE DE PERSONA
Nombre de persona MIRABAL, MINERVA,
Fechas asociadas al nombre 1926-1960
Subdivisión de forma POESÍAS
9 (RLIN) 43904
600 14 - PUNTO DE ACCESO ADICIONAL DE MATERIA--NOMBRE DE PERSONA
Nombre de persona MIRABAL, PATRIA MERCEDES,
Fechas asociadas al nombre 1924-1960
Subdivisión de forma POESÍAS
9 (RLIN) 43905
650 #4 - PUNTO DE ACCESO ADICIONAL DE MATERIA--TÉRMINO DE MATERIA
Término de materia o nombre geográfico como elemento de entrada Poesía histórica dominicana
9 (RLIN) 23574
650 #0 - PUNTO DE ACCESO ADICIONAL DE MATERIA--TÉRMINO DE MATERIA
Término de materia o nombre geográfico como elemento de entrada Poesía dominicana
9 (RLIN) 66
650 #0 - PUNTO DE ACCESO ADICIONAL DE MATERIA--TÉRMINO DE MATERIA
Término de materia o nombre geográfico como elemento de entrada Literatura dominicana.
9 (RLIN) 67
650 #4 - PUNTO DE ACCESO ADICIONAL DE MATERIA--TÉRMINO DE MATERIA
Término de materia o nombre geográfico como elemento de entrada Historia en la literatura
9 (RLIN) 1300
650 #4 - PUNTO DE ACCESO ADICIONAL DE MATERIA--TÉRMINO DE MATERIA
Término de materia o nombre geográfico como elemento de entrada Pintura dominicana
Subdivisión cronológica SIGLO XX
Subdivisión general Obras ilustradas
9 (RLIN) 43906
651 #4 - PUNTO DE ACCESO ADICIONAL DE MATERIA--NOMBRE GEOGRÁFICO
Nombre geográfico República Dominicana
Subdivisión general Historia
Subdivisión cronológica ERA DE TRUJILLO, 1930-1961
Subdivisión general Poesías
9 (RLIN) 43907
700 1# - PUNTO DE ACCESO ADICIONAL--NOMBRE DE PERSONA
Nombre de persona Valentín Jiminían, Julio César,
Fechas asociadas al nombre 1966-
9 (RLIN) 15248
700 1# - PUNTO DE ACCESO ADICIONAL--NOMBRE DE PERSONA
Nombre de persona Peralta Agüero, Abil,
Término indicativo de función/relación ed.
9 (RLIN) 26618
910 ## - DATOS DE OPCIÓN DEL USUARIO (OCLC)
Datos de opción del usuario Validado. Control de calidad. EMS
Existencias
Estado de retiro Estado de pérdida Fuente del sistema de clasificación o colocación No para préstamo Código de colección Localización permanente Ubicación/localización actual Ubicación en estantería Fecha de adquisición Número de inventario Total de préstamos Signatura topográfica completa Código de barras Fecha visto por última vez Número de copia Precio válido a partir de Tipo de ítem Koha
  Extraviado Dewey Decimal Classification Excluido de préstamo Dominicana de Servicio Biblioteca Nacional Pedro Henríquez Ureña Biblioteca Nacional Pedro Henríquez Ureña Extraviado 28.02.2011 LF1   RD861.44 M671a 20963-30 25.06.2020 e.3 25.06.2020 Libro y Folleto Colección Dominicana de Servicio
      Excluido de préstamo Patrimonio Dominicano Patrimonio Dominicano Patrimonio Dominicano Depósito 25.08.2010 LF1   RD861.44 M671a 20963-10 25.06.2020   25.06.2020 Libro y Folleto Colección Patrimonio Dominicano
      Excluido de préstamo Patrimonio Dominicano Patrimonio Dominicano Patrimonio Dominicano Depósito 28.02.2011 LF1   RD861.44 M671a 20963-20 25.06.2020 e.2 25.06.2020 Libro y Folleto Colección Patrimonio Dominicano

Con tecnología Koha